000 02879cam a22005654a 4500
001 ocm62307281
003 TZ-ArACH
005 20120917115613.0
008 051101s2006 enk b 001 0 eng
010 _a 2005031871
015 _aGBA596494
_2bnb
015 _aGBA603731
_2bnb
016 7 _a013337263
_2Uk
016 7 _a013354077
_2Uk
020 _a0198298153
020 _a9780198298151
035 _a(OCoLC)62307281
_z(OCoLC)183928143
040 _aDLC
_beng
_cTZ-ArACH
_dUKM
_dBWKUK
_dBAKER
_dYLS
_dMUQ
_dIXA
_dCOO
_dUBY
_dYDXCP
_dBTCTA
_dUQ1
_dIG#
_dHEBIS
_dDEBBG
_dOCLCQ
041 _aEng
042 _apcc
049 _aTZAA
050 0 0 _aJC571
_b.C597
082 0 0 _a323
_222
100 1 _aClapham, Andrew.
_96555
245 1 0 _aHuman rights obligations of non-state actors /
_cAndrew Clapham.
260 _aOxford ;
_aNew York :
_bOxford University Press,
_c2006.
300 _axxxiii, 613 p. ;
_c24 cm.
490 1 _aThe collected courses of the Academy of European Law ;
_vv. 15/1
500 _a"Academy of European Law, European University Institute."
504 _aIncludes bibliographical references (p. [567]-600) and index.
505 0 _aOld objections and new approaches -- Thinking responsibly about the subject of subjects -- Characteristics of international human rights law -- The United Nations -- The World Trade Organization and the European Union -- Corporations and human rights -- Non-state actors in times of armed conflict -- Selected UN human rights treaties -- Regional human rights bodies -- National legal orders -- Dignity and democracy -- Complexity, complicity, and complementarity.
650 0 _aHuman rights.
_96556
650 0 _aSocial responsibility of business.
_96557
650 0 _aNon-governmental organizations.
_96558
650 6 _aDroits de l'homme (Droit international)
_96559
650 6 _aEntreprises
_xResponsabilité sociale.
_96560
650 6 _aOrganisations non gouvernementales.
_96561
650 7 _aDroit international.
_2rasuqam
_96562
650 1 7 _aDroits de l'homme.
_2rasuqam
_96563
650 7 _aOrganisation non gouvernementale.
_2rasuqam
_96564
650 7 _aResponsabilité sociale de l'entreprise.
_2rasuqam
_96565
650 0 7 _aInternationale Organisation.
_96566
710 2 _aAcademy of European Law.
_96567
776 0 8 _iOnline version:
_aClapham, Andrew.
_tHuman rights obligations of non-state actors.
_dOxford ; New York : Oxford University Press, 2006
_w(OCoLC)607761520
830 0 _aCollected courses of the Academy of European Law ;
_vv. 15/1.
_96568
856 4 1 _3Table of contents
_uhttp://catdir.loc.gov/catdir/toc/ecip064/2005031871.html
856 4 2 _3Publisher description
_uhttp://catdir.loc.gov/catdir/enhancements/fy0723/2005031871-d.html
942 _2lcc
_cBOOK
999 _c1841
_d1841